Los Tratados Torrijos - Carter, antecedentes y proyecciones /
Furkejuvvon:
| Váldodahkki: | |
|---|---|
| Materiálatiipa: | Texto |
| Fáttát: | |
| Fáddágilkorat: |
Lasit fáddágilkoriid
Eai fáddágilkorat, Lasit vuosttaš fáddágilkora!
|
MARC
| LEADER | 00000 a a2200000 04500 | ||
|---|---|---|---|
| 001 | 9428 | ||
| 003 | |||
| 040 | |||
| 100 | |a Ortega Durán, Oydén | ||
| 245 | |a Los Tratados Torrijos - Carter, antecedentes y proyecciones / |c Oydén Ortega Durán | ||
| 650 | |a TRATADOS | ||
| 650 | |a CANAL DE PANAMA | ||
| 650 | |a HISTORIA | ||
| 650 | |a PANAMA | ||
| 650 | |a ESTADOS UNIDOS | ||
| 773 | |g número 473 -474; páginas 121-130 | ||
| 999 | |c 20787 |d 20787 | ||
